000 005290000a22001810004500
003 MACL
005 20160310125447.0
008 160310b xxu||||| |||| 00| 0 eng d
040 _aMACL
_cMACL
041 _aHindi
082 _a891.433
100 _aधूकेतु सच्चिदानन्‍द
_944421
245 _aमाटी की महॅक
260 _bविधा प्रकाशन
_c1978
_aनई दिल्‍ली
350 _a25
650 _aNovel
_944422
942 _cHIN
_k891.433
_2ddc
999 _c27109
_d27109